Normal view
MARC view
- Bhatti, Suman
Entry Personal Name
001 - CONTROL NUMBER
- control field: 14958
003 - CONTROL NUMBER IDENTIFIER
- control field: NUST
005 - DATE AND TIME OF LATEST TRANSACTION
- control field: 20190617070655.0
008 - FIXED-LENGTH DATA ELEMENTS
- fixed length control field: 190617|| aca||aabn | a|a d
040 ## - CATALOGING SOURCE
- Original cataloging agency: NUST
- Transcribing agency: NUST
100 ## - HEADING--PERSONAL NAME
- Personal name: Bhatti, Suman
670 ## - SOURCE DATA FOUND
- Source citation: Work cat.: (NUST): Bhatti, Suman, Fruit and vegetable processing :, 1995.
